| 000 | 01135nam0a22002771 4500 | ||
|---|---|---|---|
| 001 | rc\2816303 | ||
| 005 | 20250805160813.4 | ||
| 035 | _a(NLR Aleph) 006942027 | ||
| 090 |
_a5160253 _c5160253 |
||
| 100 | _a20110915d1945 |||y0rusy50 ca | ||
| 101 | 0 | _arus | |
| 102 | _aRU | ||
| 105 | _aa z ||||| | ||
| 200 | 1 |
_aВольфрамо-графитовый пирометр и его применение в доменном производстве _fИнж. Н. М. Якубцинер, М. М. Ворович _gС предисл. и под ред. акад. М. А. Павлова |
|
| 210 |
_aСвердловск _aМосква _cМеталлургиздат _d1945 _eСвердловск _g5-я тип. треста "Полиграфкнига" |
||
| 215 |
_a40 с. _cчерт. _d17 см. |
||
| 700 | 1 |
_aЯкубцинер _bН. М. |
|
| 701 | 1 |
_aВорович _bМ. М. |
|
| 702 | 1 |
_aПавлов _bМ. А. _4080 _4340 |
|
| 801 | 0 |
_aRU _bNLR _gpsbo |
|
| 801 | 1 |
_aRU _bELAR _2rusmarc |
|
| 852 |
_aNLR _jТ30 Г-2/80 |
||
| 942 | _cBOOK | ||
| 945 | _aРоссийская национальная библиотека | ||
| 980 | _aNB | ||
| 980 | _aBV | ||